Alternatívne interpretácie a príležitosti vo vzťahu k zahraničnoobchodnej pozícii SR vo Vyšehradskej skupine bakalárska práca

Gespeichert in:
Bibliographische Detailangaben
1. Verfasser: Ivan, Tichomír
Körperschaft: Obchodná fakulta EU. Katedra medzinárodného obchodu
Weitere Verfasser: Čiderová, Denisa, 1977-
Format: Buch
Sprache:Slowakisch
Veröffentlicht: Bratislava 2022
Tags: Tag hinzufügen
Keine Tags, Fügen Sie das erste Tag hinzu!

MARC

LEADER 00000nbm a2200000 4500
001 0285730
005 20221201125945.1
041 0 |a slo 
044 |a SK 
245 1 0 |a Alternatívne interpretácie a príležitosti vo vzťahu k zahraničnoobchodnej pozícii SR vo Vyšehradskej skupine  |b bakalárska práca  |c Tichomír Ivan ; školiteľ: Denisa Čiderová 
264 1 |a Bratislava  |c 2022 
300 |a 58 s. 
100 1 |a Ivan, Tichomír 
700 1 |a Čiderová, Denisa, 1977- 
710 2 |a Obchodná fakulta EU. Katedra medzinárodného obchodu